| 000 | 00620nam a2200193Ia 4500 | ||
|---|---|---|---|
| 008 | 260428s9999 xx 000 0 und d | ||
| 020 | _a9789561413399 | ||
| 082 | _a346.830664 A346r 2013 | ||
| 100 |
_aAlcalde Rodríguez, Enrique _934191 |
||
| 245 | 0 | _aLa responsabilidad de los directores de sociedades anónimas: responsabilidad civil y penal administrativa | |
| 260 | _aEdiciones Universidad Católica de Chile | ||
| 260 | _bSantiago, Chile | ||
| 260 | _c2013 | ||
| 300 | _a498p. | ||
| 650 |
_aChile _9121 |
||
| 650 |
_aResponsabilidad Civil _91805 |
||
| 650 |
_aResponsabilidad Penal _92060 |
||
| 942 | _clibro | ||
| 999 |
_c20522 _d20522 |
||